Normal view
MARC view
- Lubno M Tilley D Cox Helen & Hinz Mittie
Entry Personal Name
001 - CONTROL NUMBER
- control field: 178610
003 - CONTROL NUMBER IDENTIFIER
- control field: OSt
005 - DATE AND TIME OF LATEST TRANSACTION
- control field: 20230314152526.0
008 - FIXED-LENGTH DATA ELEMENTS
- fixed length control field: 230314|| aca||aabn | a|a d
040 ## - CATALOGING SOURCE
- Original cataloging agency: OSt
- Transcribing agency: OSt
100 ## - HEADING--PERSONAL NAME
- Personal name: Lubno M Tilley D Cox Helen & Hinz Mittie
670 ## - SOURCE DATA FOUND
- Source citation: Work cat.: (OSt)139917: Lubno M Tilley D Cox Helen & Hinz Mittie, Clinical Applications Of Nursing Diagnosis : Adult child womens psychiatric gerontic and home health considerations, 2002